书目信息 |
| 题名: |
项目导入式的工程训练
|
|
| 作者: | 童幸生 , 江明 主编 | |
| 分册: | ||
| 出版信息: | 北京 机械工业出版社 2019.09 |
|
| 页数: | 259页 | |
| 开本: | 26cm | |
| 丛书名: | ||
| 单 册: | ||
| 中图分类: | TH16 | |
| 科图分类: | ||
| 主题词: | 机械制造工艺--ji xie zhi zao gong yi--高等教育--教学参考资料 | |
| 电子资源: | ||
| ISBN: | 978-7-111-63046-3 | |
| 000 | 00989nam0 2200253 450 | |
| 001 | 2074106262 | |
| 005 | 20201105203543.12 | |
| 010 | @a978-7-111-63046-3@dCNY39.80 | |
| 100 | @a20191108d2019 em y0chiy50 ea | |
| 101 | 0 | @achi |
| 102 | @aCN@b110000 | |
| 105 | @aak a 000yy | |
| 200 | 1 | @a项目导入式的工程训练@Axiang mu dao ru shi de gong cheng xun lian@f主编童幸生, 江明 |
| 210 | @a北京@c机械工业出版社@d2019.09 | |
| 215 | @a259页@c图@d26cm | |
| 320 | @a有书目 | |
| 330 | @a全书分四个大类训练项目, 内容包括单体件、组合件、产品件及创新综合件。在项目的选择上覆盖了机械制造基础、电工电子基础、木创制作、先进制造、综合创新等内容, 为了便于教师教学, 每个实习项目还附了考核评价标准。 | |
| 333 | @a普通高等教育“十三五”工程训练系列规划教材 | |
| 606 | 0 | @a机械制造工艺@Aji xie zhi zao gong yi@x高等教育@j教学参考资料 |
| 690 | @aTH16@v5 | |
| 701 | 0 | @a童幸生@Atong xing sheng@4主编 |
| 701 | 0 | @a江明@Ajiang ming@4主编 |
| 801 | 0 | @aCN@b人天书店@c20200927 |
| 905 | @aZUCC@dTH16@eT863 | |
| 项目导入式的工程训练/主编童幸生, 江明.-北京:机械工业出版社,2019.09 |
| 259页:图;26cm |
| 使用对象:普通高等教育“十三五”工程训练系列规划教材 |
| ISBN 978-7-111-63046-3:CNY39.80 |
| 全书分四个大类训练项目, 内容包括单体件、组合件、产品件及创新综合件。在项目的选择上覆盖了机械制造基础、电工电子基础、木创制作、先进制造、综合创新等内容, 为了便于教师教学, 每个实习项目还附了考核评价标准。 |
| ● |
| 相关链接 |
|
|
|
正题名:项目导入式的工程训练
索取号:TH16/T863
 
预约/预借
| 序号 | 登录号 | 条形码 | 馆藏地/架位号 | 状态 | 备注 |
| 1 | 1480834 | 214808341 | 自科库501/501自科库 38排2列3层/ [索取号:TH16/T863] | 在馆 | |
| 2 | 1480835 | 214808350 | 自科库501/501自科库 38排2列2层/ [索取号:TH16/T863] | 在馆 |